Slough office quarterly report. - June quarter 1995 - December quarter 1995 (Record no. 93273)

MARC details
000 -LEADER
fixed length control field 00557cam a2200205 4500
001 - CONTROL NUMBER
control field J3160
008 - FIXED-LENGTH DATA ELEMENTS--GENERAL INFORMATION
fixed length control field 090401t xxu||||| |||| 00| 0 eng d
035 ## - SYSTEM CONTROL NUMBER
System control number (Sirsi) u53457
041 ## - LANGUAGE CODE
Language code of text/sound track or separate title eng
050 ## - LIBRARY OF CONGRESS CALL NUMBER
Classification number 333.3370942297
110 ## - MAIN ENTRY--CORPORATE NAME
Corporate name or jurisdiction name as entry element Lambert Smith Hampton
9 (RLIN) 2865
245 ## - TITLE STATEMENT
Title Slough office quarterly report. - June quarter 1995 - December quarter 1995
260 ## - PUBLICATION, DISTRIBUTION, ETC.
Place of publication, distribution, etc. Slough
Name of publisher, distributor, etc. Lambert Smith Hampton
Date of publication, distribution, etc. 1995-96
300 ## - PHYSICAL DESCRIPTION
Extent 3 pt. ; 30cm.
350 ## - PRICE (NR) (BK AM CF MU VM SE) [OBSOLETE]
Price 0
650 ## - SUBJECT ADDED ENTRY--TOPICAL TERM
Topical term or geographic name entry element OFFICES
690 ## - LOCAL SUBJECT ADDED ENTRY--TOPICAL TERM (OCLC, RLIN)
Topical term or geographic name as entry element PROPERTY-COMMERCIAL PROPERTY
942 ## - ADDED ENTRY ELEMENTS (KOHA)
Suppress in OPAC 0
948 ## - LOCAL PROCESSING INFORMATION (OCLC); SERIES PART DESIGNATOR (RLIN)
c (OCLC) 04/03/1997
Holdings
Withdrawn status Lost status Source of classification or shelving scheme Damaged status Not for loan Home library Current library Shelving location Date acquired Total Checkouts Full call number Barcode Date last seen Copy number Price effective from Koha item type
    Dewey Decimal Classification     London London Property market reports 04/08/1995   PROPERTY MARKET REPORTS 30046297 06/08/2019 1 06/08/2019 Book
    Dewey Decimal Classification     London London Property market reports 11/10/1995   PROPERTY MARKET REPORTS 30046659 06/08/2019 2 06/08/2019 Book
    Dewey Decimal Classification     London London Property market reports 30/01/1996   PROPERTY MARKET REPORTS 30047170 06/08/2019 3 06/08/2019 Book